Conservation in the age of consensus / (Record no. 11374)
[ view plain ]
| 000 -LEADER | |
|---|---|
| fixed length control field | 02119cam a2200397 a 4500 |
| 001 - CONTROL NUMBER | |
| control field | 15190526 |
| 005 - DATE AND TIME OF LATEST TRANSACTION | |
| control field | 20090408122249.0 |
| 008 - FIXED-LENGTH DATA ELEMENTS--GENERAL INFORMATION | |
| fixed length control field | 080222s2009 enkabe b 001 0 eng |
| 010 ## - LIBRARY OF CONGRESS CONTROL NUMBER | |
| LC control number | 2008007500 |
| 020 ## - INTERNATIONAL STANDARD BOOK NUMBER | |
| International Standard Book Number | 9780415249843 (pbk. : alk. paper) |
| 020 ## - INTERNATIONAL STANDARD BOOK NUMBER | |
| International Standard Book Number | 9780203892343 (ebook) |
| 035 ## - SYSTEM CONTROL NUMBER | |
| System control number | (OCoLC)ocn213133272 |
| 035 ## - SYSTEM CONTROL NUMBER | |
| System control number | (OCoLC)213133272 |
| 040 ## - CATALOGING SOURCE | |
| Original cataloging agency | DLC |
| Transcribing agency | DLC |
| Modifying agency | BAKER |
| -- | BTCTA |
| -- | OCLCG |
| -- | BWKUK |
| -- | BWK |
| -- | YDXCP |
| -- | BWX |
| -- | CDX |
| -- | DLC |
| 043 ## - GEOGRAPHIC AREA CODE | |
| Geographic area code | e-uk--- |
| 050 00 - LIBRARY OF CONGRESS CALL NUMBER | |
| Classification number | DA655 |
| Item number | .P46 2009 |
| 050 00 - LIBRARY OF CONGRESS CALL NUMBER | |
| Classification number | NA105 |
| Item number | .P46 2009 |
| 082 00 - DEWEY DECIMAL CLASSIFICATION NUMBER | |
| Classification number | 363.690941 |
| Edition number | 22 |
| Item number | PEN |
| 100 1# - MAIN ENTRY--PERSONAL NAME | |
| Personal name | Pendlebury, John R., |
| Dates associated with a name | 1963- |
| 9 (RLIN) | 4013 |
| 245 10 - TITLE STATEMENT | |
| Title | Conservation in the age of consensus / |
| Statement of responsibility, etc | John Pendlebury. |
| 260 ## - PUBLICATION, DISTRIBUTION, ETC. (IMPRINT) | |
| Place of publication, distribution, etc | London ; |
| -- | New York : |
| Name of publisher, distributor, etc | Routledge, |
| Date of publication, distribution, etc | 2009. |
| 300 ## - PHYSICAL DESCRIPTION | |
| Extent | xiv, 249 p. : |
| Other physical details | ill., maps, plans ; |
| Dimensions | 24 cm. |
| 500 ## - GENERAL NOTE | |
| General note | Includes index |
| 504 ## - BIBLIOGRAPHY, ETC. NOTE | |
| Bibliography, etc | Includes bibliographical references (p. 225-241) and index. |
| 505 0# - FORMATTED CONTENTS NOTE | |
| Formatted contents note | Conservation, culture and planning -- Modern conservation -- Policies and plans : the development of state intervention -- The 1970s : shifting ground -- Conservation, conservatives and consensus -- The commodification of heritage -- Conservation and the community -- World heritage -- Postmodern conservation -- Conservation reformed -- Conservation and the challenge of consensus. |
| 650 #0 - SUBJECT ADDED ENTRY--TOPICAL TERM | |
| Topical term or geographic name as entry element | Historic preservation |
| Geographic subdivision | Great Britain |
| General subdivision | Planning. |
| 9 (RLIN) | 4014 |
| 650 #0 - SUBJECT ADDED ENTRY--TOPICAL TERM | |
| Topical term or geographic name as entry element | Historic preservation |
| General subdivision | Social aspects |
| Geographic subdivision | Great Britain. |
| 9 (RLIN) | 4015 |
| 650 #0 - SUBJECT ADDED ENTRY--TOPICAL TERM | |
| Topical term or geographic name as entry element | Consensus (Social sciences) |
| Geographic subdivision | Great Britain. |
| 9 (RLIN) | 4016 |
| 650 #0 - SUBJECT ADDED ENTRY--TOPICAL TERM | |
| Topical term or geographic name as entry element | Historic sites |
| General subdivision | Conservation and restoration |
| Geographic subdivision | Great Britain. |
| 9 (RLIN) | 4017 |
| 650 #0 - SUBJECT ADDED ENTRY--TOPICAL TERM | |
| Topical term or geographic name as entry element | Historic buildings |
| General subdivision | Conservation and restoration |
| Geographic subdivision | Great Britain. |
| 9 (RLIN) | 4018 |
| 650 #0 - SUBJECT ADDED ENTRY--TOPICAL TERM | |
| Topical term or geographic name as entry element | Cultural property |
| General subdivision | Protection |
| Geographic subdivision | Great Britain. |
| 9 (RLIN) | 4019 |
| 651 #0 - SUBJECT ADDED ENTRY--GEOGRAPHIC NAME | |
| Geographic name | Great Britain |
| General subdivision | Cultural policy. |
| 9 (RLIN) | 4020 |
| 942 ## - ADDED ENTRY ELEMENTS (KOHA) | |
| Source of classification or shelving scheme | Dewey Decimal Classification |
| Item type | Book - Borrowing |
| Withdrawn status | Item status | Source of classification or shelving scheme | Damaged status | Not for loan | Vendor | Home library | Current library | Shelving location | Date acquired | Source of acquisition | Cost, normal purchase price | Serial Enumeration / chronology | Total Checkouts | Total Renewals | Full call number | Barcode | Date last seen | Date last borrowed | Koha item type |
|---|---|---|---|---|---|---|---|---|---|---|---|---|---|---|---|---|---|---|---|
| Dewey Decimal Classification | Alahram | Central Library | Central Library | First floor | 22/04/2009 | 302.50 | 371 | 2 | 35 | 363.690941 PEN | 000016035 | 15/07/2025 | 25/09/2017 | Book - Borrowing |